1640 1900 1807 1597 1120 1127 1754 1031 1118 1539 1658 1908 1678 1629 1910 1898 1951 1259 1941 1322 1932 1432 1504 1295 1915 1411 1094 1239 1836 1836 1778 1296 1531 1486 1411 1533 1257 1029 1429 1384 1159 1918 1115 1025 1023 1697 1594 1531 1548 1596 1825 1302 1094 1845 1656 1869 1024 1068 1942 1091 1955 1768 1781 1674 1315 1288 1399 1222 1923 1017 1295 1394 1672 1460 1557 1580 1339 1060 1645 1449 1003 1099 1329 1896 1389 1830 1799 1004 1686 1084 1016 1754 1010 1476 1548 1616 1663 1953 1038 BCNSPRNW ULIB Ver.6.0+V

เปลี่ยนเป็นภาษาไทย

Change to English
 แสดงรายละเอียดบรรณานุกรม
  กลับหน้าหลัก

Brief Record : Get Marc (ISO 2709) : E-mail record : QR code < ปิดหน้าต่าง
LEADER : 00000nam 2200000uu 4500
001    13399121187
003     ULIB
008    121108s2550||||th 000 0 tha d
020    ^a9789747348576
050 04 ^aLB2369^bส881ก
100 0  ^aสุวิทย์ มูลคำ
245 10 ^aการพัฒนาผลงานทางวิชาการสู่...การเลื่อนวิทยฐานะ /^cสุวิทย์ มูลคำ,สุนันทา สุนทรประเสริฐ
250    ^aพิมพ์ครั้งที่ 1
260    ^aกรุงเทพฯ :^bอี เค บุ๊คส์,^c2550
300    ^a580 หน้า ;^c26 ซม
650  7 ^aการเขียนทางวิชาการ
650  7 ^aครู^xการเลื่อนขั้น
945    ^p300^l0^i16484
995    ^aวิภา
999 ^a ทศพร
รายการนี้ยังไม่มีแท็ก
คุณยังไม่ได้ล็อกอิน คุณสามารถมีกิจกรรมร่วมกับเว็บไซต์ได้ แต่ต้องล็อกอินก่อน ::
  ล็อกอิน

รายการสื่อสารสนเทศ

ลำดับที่ ประเภท เลขเรียก/บาร์โค้ด สถานที่ สถานะ
1. วิทยาศาสตร์การแพทย์ และสุขภาพ
วิทยาศาสตร์การแพทย์ และสุขภาพ
LB2369 ส881ก  
  Barcode: 16484
ห้องสมุดวิทยาเขตสวรรค์ประชารักษ์
►หนังสือทั่วไป
บนชั้น

รายการใกล้เคียง
    ผู้แต่ง [สุวิทย์ มูลคำ]

    หัวเรื่อง [การเขียนทางวิชาการ]

BibComment


ยังไม่เคยถูกคอมเมนท์

คอมเมนท์ทรัพยากรรายการนี้
  คอมเมนท์: การพัฒนาผลงานทาง..


 Copyright 2026. Bcnsprnw @Library